000 00638nam a2200205 4500
008 b xx# ara u
010 _a32219-32230
040 _aLB-BrCRDP
082 _a301/K18m
100 1 _a. كرم، جوزف اسعد
130 1 _lAR
245 1 0 _a. المؤسسات الاجتماعية والسياسية في الدولة الحديثة
_cجوزف اسعد كرم
250 _aط. 1
260 _aبيروت
_c[د. ت.]
300 _a286 ص. ؛
_c24 سم.
650 _aالدولة
650 _aعلم الاجتماع السياسي
942 _cBK
999 _c15892
_d15892